000 00341pab a2200145 454500
008 180718b2004 xxu||||| |||| 00| 0 eng d
100 _aGattung, Johan
245 _aImagining global democracy
260 _c2004
300 _ap.1073-079.
362 _aNov
650 _aGlobalization
773 _aDevelopment and Change
909 _a64014
999 _c64014
_d64014